[Event "EU-chT Seniors 15th"]
[Site "Dresden"]
[Date "2013.07.24"]
[Round "5"]
[White "Sandklef, Ake"]
[Black "Guenther, Egbert"]
[Result "1/2-1/2"]
[WhiteElo "1975"]
[BlackElo "2032"]
[PlyCount "41"]
[EventDate "2013.07.20"]
[EventType "team-swiss"]
[EventRounds "9"]
[EventCountry "GER"]
[SourceTitle "CBM 155 Extra"]
[Source "ChessBase"]
[SourceDate "2013.08.26"]
[SourceVersion "1"]
[SourceVersionDate "2013.08.26"]
[SourceQuality "1"]
[WhiteTeam "Sweden IV"]
[BlackTeam "VS Seniors"]
[WhiteTeamCountry "SWE"]
[BlackTeamCountry "GER"]

1. d4 c5 2. e3 Nf6 3. c4 e6 4. Nf3 d5 5. Nc3 Be7 6. Be2 0-0 7. 0-0 b6 8. b3 Bb7 9. Bb2 Nbd7 10. Qc2 Rc8 11. Rad1 Qc7 12. Qb1 Rfd8 13. Rd2 h6 14. Rfd1 Ne4 15. Nxe4 dxe4 16. Ne1 cxd4 17. Bxd4 Bb4 18. Rc2 e5 19. Bc3 Bxc3 20. Rxc3 Nf6 21. Rcc1 1/2-1/2

[Event "EU-chT Seniors"]
[Site "Rogaska Slatina"]
[Date "2012.03.27"]
[Round "1.16"]
[White "Sandklef, Ake"]
[Black "Harestad, Thor Geir"]
[Result "0-1"]
[WhiteElo "1993"]
[BlackElo "2175"]
[PlyCount "58"]
[EventDate "2012.03.27"]
[EventType "team-swiss"]
[EventRounds "9"]
[EventCountry "SLO"]
[SourceTitle "CBM 147 Extra"]
[Source "ChessBase"]
[SourceDate "2012.04.24"]
[SourceVersion "1"]
[SourceVersionDate "2012.04.24"]
[SourceQuality "1"]
[WhiteTeam "Sweden (Seniors) IV"]
[BlackTeam "Norway (Seniors)"]
[WhiteTeamCountry "SWE"]
[BlackTeamCountry "NOR"]

1. d4 Nf6 2. c4 c5 3. d5 b5 4. Nd2 bxc4 5. e4 d6 6. Bxc4 g6 7. Ne2 Bg7 8. Bb5+ Nbd7 9. Nc3 0-0 10. Bxd7 Nxd7 11. f4 Ba6 12. Ne2 Rb8 13. Nb3 f5 14. exf5 Rxf5 15. g4 Rf7 16. 0-0 Bc4 17. Rf2 Nf6 18. Nc3 Qd7 19. Rg2 e6 20. dxe6 Qxe6 21. Nd2 Bd3 22. Nf3 c4 23. Ng5 Qe8 24. Nxf7 Kxf7 25. f5 Ne4 26. Nd5 Qe5 27. Nf4 Qd4+ 28. Kh1 Nf2+ 29. Rxf2 Be4+ 0-1

[Event "Nordic-ch Seniors"]
[Site "Reykjavik"]
[Date "2011.09.18"]
[Round "9"]
[White "Sandklef, Ake"]
[Black "Gunnarsson, Gunnar K"]
[Result "0-1"]
[WhiteElo "2008"]
[BlackElo "2220"]
[PlyCount "56"]
[EventDate "2011.09.10"]
[EventType "swiss"]
[EventRounds "9"]
[EventCountry "ISL"]
[SourceTitle "CBM 144 Extra"]
[Source "ChessBase"]
[SourceDate "2011.10.28"]
[SourceVersion "1"]
[SourceVersionDate "2011.10.28"]
[SourceQuality "1"]

1. d4 Nf6 2. c4 e6 3. Nf3 d5 4. Nc3 c6 5. e3 Nbd7 6. Bd3 dxc4 7. Bxc4 b5 8. Bd3 a6 9. 0-0 Bb7 10. Qe2 c5 11. Rd1 Qc7 12. e4 cxd4 13. Nxd4 Nc5 14. f3 Bd6 15. g3 Rd8 16. Be3 0-0 17. Rac1 Qb8 18. Bc2 Rc8 19. a3 Rfd8 20. b4 Ncd7 21. Bb3 Ba8 22. Qf2 Ne5 23. g4 Nexg4 24. fxg4 Nxg4 25. Qe2 Bxh2+ 26. Kf1 Qg3 27. Nf3 Qh3+ 28. Ke1 Bg3+ 0-1

[Event "Nordic-ch Seniors"]
[Site "Reykjavik"]
[Date "2011.09.16"]
[Round "7"]
[White "Gunnlaugsson, Gisli"]
[Black "Sandklef, Ake"]
[Result "1-0"]
[WhiteElo "1846"]
[BlackElo "2008"]
[PlyCount "101"]
[EventDate "2011.09.10"]
[EventType "swiss"]
[EventRounds "9"]
[EventCountry "ISL"]
[SourceTitle "CBM 144 Extra"]
[Source "ChessBase"]
[SourceDate "2011.10.28"]
[SourceVersion "1"]
[SourceVersionDate "2011.10.28"]
[SourceQuality "1"]

1. e4 c5 2. Nf3 e6 3. d4 cxd4 4. Nxd4 a6 5. Nc3 Qc7 6. Bd3 Nc6 7. Nxc6 dxc6 8. 0-0 Nf6 9. f4 e5 10. f5 b5 11. a3 Bc5+ 12. Kh1 Bb7 13. Qe1 0-0-0 14. b4 Bd4 15. Rb1 c5 16. bxc5 Qxc5 17. Nd1 Qc6 18. Bg5 Rd6 19. Bxf6 Rxf6 20. Ne3 Qc5 21. Ng4 Rd6 22. Rb3 Rc6 23. f6 g6 24. h3 h5 25. Nh2 g5 26. Rf5 g4 27. Qh4 gxh3 28. Qxh3 Kb8 29. Rxh5 Rxh5 30. Qxh5 Rc7 31. Ng4 Bc8 32. Rb1 Be6 33. a4 Bc4 34. axb5 axb5 35. Bxc4 Qxc4 36. Nxe5 Qc5 37. Nd7+ Rxd7 38. Rxb5+ Qxb5 39. Qxb5+ Kc8 40. e5 Rd8 41. g4 Rd7 42. g5 Rc7 43. c4 Kd8 44. Qd5+ Rd7 45. Qa5+ Ke8 46. Kg2 Ra7 47. Qb5+ Rd7 48. Kf3 Bc3 49. Ke4 Bd4 50. Kf5 Ba7 51. e6 1-0

[Event "EU-chT Seniors"]
[Site "Thessaloniki"]
[Date "2011.05.09"]
[Round "7"]
[White "Sandklef, Ake"]
[Black "Pitzl, Konstantinos"]
[Result "0-1"]
[WhiteElo "2017"]
[BlackElo "2095"]
[PlyCount "66"]
[EventDate "2011.05.03"]
[EventType "team-swiss"]
[EventRounds "9"]
[EventCountry "GRE"]
[SourceTitle "CBM 142 Extra"]
[Source "ChessBase"]
[SourceDate "2011.06.27"]
[SourceVersion "1"]
[SourceVersionDate "2011.06.27"]
[SourceQuality "1"]
[WhiteTeam "Sweden"]
[BlackTeam "Steiermark"]
[WhiteTeamCountry "SWE"]
[BlackTeamCountry "AUT"]

1. d4 Nf6 2. c4 g6 3. Nc3 Bg7 4. e4 d6 5. f3 0-0 6. Be3 c6 7. Qd2 Nbd7 8. 0-0-0 Qa5 9. Kb1 a6 10. Nge2 b5 11. Nc1 b4 12. N3e2 c5 13. Nb3 Qc7 14. Nf4 cxd4 15. Bf2 e5 16. Nd5 Nxd5 17. cxd5 a5 18. Nc1 Nc5 19. Bb5 f5 20. Rhe1 Rb8 21. Bc6 fxe4 22. fxe4 Bg4 23. Bg3 Bxd1 24. Qxd1 Rf7 25. Nb3 Nxb3 26. axb3 Rbf8 27. Qd3 Bh6 28. Qb5 Bf4 29. Bxf4 Rxf4 30. Bd7 Rb8 31. Be6+ Kg7 32. Qd3 Rbf8 33. Rc1 Qxc1+ 0-1

[Event "EU-chT Seniors 12th"]
[Site "Dresden"]
[Date "2010.02.12"]
[Round "3"]
[White "Petzold, Hans"]
[Black "Sandklef, Ake"]
[Result "1-0"]
[WhiteElo "2152"]
[BlackElo "2009"]
[PlyCount "151"]
[EventDate "2010.02.10"]
[EventType "team-swiss"]
[EventRounds "9"]
[EventCountry "GER"]
[SourceTitle "CBM 134 Extra"]
[Source "ChessBase"]
[SourceDate "2010.03.03"]
[SourceVersion "1"]
[SourceVersionDate "2010.03.03"]
[SourceQuality "1"]
[WhiteTeam "Dresden USV TU (Seniors)"]
[BlackTeam "Sweden (Seniors) III"]
[WhiteTeamCountry "GER"]
[BlackTeamCountry "SWE"]

1. e4 e6 2. d4 d5 3. Nc3 Bb4 4. e5 c5 5. Bd2 cxd4 6. Nb5 Bf8 7. Nf3 Nc6 8. Nbxd4 Nge7 9. Bd3 Bd7 10. Nxc6 Nxc6 11. c3 Qc7 12. Qe2 Be7 13. 0-0 0-0 14. Rfe1 Rae8 15. Rac1 Qd8 16. c4 Nb4 17. Bb1 dxc4 18. Qxc4 Nd5 19. Qe4 g6 20. Bh6 f5 21. exf6 Rxf6 22. Ne5 Bc8 23. Qg4 Bf8 24. Bg5 Bg7 25. Qh4 Qb6 26. Nc4 Qb4 27. Bxf6 Bxf6 28. Qg3 Rd8 29. a3 Qe7 30. b4 Bg5 31. Rcd1 Bf4 32. Qf3 Rf8 33. g3 Be3 34. Rxe3 Rxf3 35. Rxf3 Bd7 36. Ne5 Ba4 37. Re1 Qg5 38. Nc4 Qg4 39. Be4 Qg5 40. h4 Qd8 41. Ne3 Bc6 42. Rd1 Ba4 43. Rd4 Qb6 44. Rc4 Bc6 45. Ng4 Qb5 46. Bxd5 exd5 47. Rcf4 Be8 48. Nf6+ Kg7 49. Nxe8+ Qxe8 50. Rd4 Qe1+ 51. Kg2 Qe5 52. Rfd3 h5 53. Rxd5 Qe4+ 54. Kh2 Qe1 55. Rd2 Qa1 56. R5d3 a6 57. Rd7+ Kf6 58. Rxb7 Qxa3 59. Rb6+ Ke5 60. Rxg6 Qxb4 61. Re2+ Kd4 62. Rxa6 Kd3 63. Rae6 Qf8 64. R2e3+ Kd4 65. Kg1 Qa8 66. R6e4+ Kd5 67. Re5+ Kd4 68. Rxh5 Qa1+ 69. Kg2 Qa8+ 70. Rf3 Qe4 71. Rhf5 Qb7 72. h5 Qg7 73. R5f4+ Ke5 74. Rf5+ Ke4 75. R3f4+ Kd3 76. g4 1-0

[Event "EU-chT Seniors 12th"]
[Site "Dresden"]
[Date "2010.02.10"]
[Round "1"]
[White "Sandklef, Ake"]
[Black "Nautsch, Werner"]
[Result "1-0"]
[WhiteElo "2009"]
[BlackElo "2229"]
[PlyCount "89"]
[EventDate "2010.02.10"]
[EventType "team-swiss"]
[EventRounds "9"]
[EventCountry "GER"]
[SourceTitle "CBM 134 Extra"]
[Source "ChessBase"]
[SourceDate "2010.03.03"]
[SourceVersion "1"]
[SourceVersionDate "2010.03.03"]
[SourceQuality "1"]
[WhiteTeam "Sweden (Seniors) III"]
[BlackTeam "Katernberg (Seniors)"]
[WhiteTeamCountry "SWE"]
[BlackTeamCountry "GER"]

1. d4 d5 2. c4 c6 3. Nf3 Nf6 4. e3 e6 5. Nc3 Be7 6. Bd3 0-0 7. 0-0 Nbd7 8. b3 b6 9. Bb2 Bb7 10. Qe2 Re8 11. Rfd1 Rc8 12. e4 Nf8 13. e5 N6d7 14. Rac1 f5 15. cxd5 cxd5 16. Nb5 a6 17. Rxc8 Bxc8 18. Na7 Nb8 19. Nxc8 Qxc8 20. Rc1 Qb7 21. Qc2 Rd8 22. Qc7 Rd7 23. Qxb7 Rxb7 24. Rc8 Kf7 25. Ne1 Nfd7 26. Nc2 b5 27. Ne1 Nb6 28. Rc2 h6 29. Be2 b4 30. Nd3 a5 31. g4 g5 32. f4 a4 33. Bc1 axb3 34. axb3 Ra7 35. fxg5 hxg5 36. h4 gxh4 37. Nf4 Bg5 38. gxf5 exf5 39. Bh5+ Kg7 40. Ne6+ Kh6 41. Bxg5+ Kxh5 42. Rg2 Ra1+ 43. Kh2 Kg6 44. Bd8+ Kf7 45. Rg7+ 1-0

[Event "EU-chT Seniors 11th"]
[Site "Velden"]
[Date "2009.04.11"]
[Round "7"]
[White "Sandklef, Ake"]
[Black "Scholvin, Erich"]
[Result "1/2-1/2"]
[WhiteElo "2029"]
[BlackElo "2104"]
[PlyCount "82"]
[EventDate "2009.04.05"]
[EventType "team-swiss"]
[EventRounds "9"]
[EventCountry "AUT"]
[SourceTitle "CBM 129 Extra"]
[Source "ChessBase"]
[SourceDate "2009.05.05"]
[SourceVersion "2"]
[SourceVersionDate "2009.05.20"]
[SourceQuality "1"]

1. d4 d5 2. c4 e6 3. Nc3 f5 4. Nf3 c6 5. e3 Nf6 6. Bd3 Bd6 7. 0-0 0-0 8. Ne5 Nbd7 9. f4 Ne4 10. Bxe4 fxe4 11. Rb1 a5 12. b3 Nxe5 13. fxe5 Be7 14. Rxf8+ Bxf8 15. c5 b6 16. cxb6 Qxb6 17. Bb2 Ba6 18. Rc1 Qd8 19. Na4 Bb5 20. Nc5 Bxc5 21. Rxc5 Qg5 22. Qd2 a4 23. bxa4 Rxa4 24. Bc1 Qf5 25. h3 Qf1+ 26. Kh2 h6 27. Rc2 Bc4 28. a3 Ra8 29. Qf2 Qd1 30. Qd2 Qh5 31. Qb4 Rf8 32. a4 Qd1 33. Qd2 Qf1 34. Ba3 Rf7 35. Rc1 Qd3 36. Bb4 Qb3 37. a5 Qa4 38. Qc3 Rb7 39. Bc5 Ba6 40. Bb6 Qc4 41. Qxc4 dxc4 1/2-1/2

[Event "EU-chT Seniors 11th"]
[Site "Velden"]
[Date "2009.04.10"]
[Round "6"]
[White "Nordby, Berndt"]
[Black "Sandklef, Ake"]
[Result "1/2-1/2"]
[WhiteElo "2159"]
[BlackElo "2029"]
[PlyCount "36"]
[EventDate "2009.04.05"]
[EventType "team-swiss"]
[EventRounds "9"]
[EventCountry "AUT"]
[SourceTitle "CBM 129 Extra"]
[Source "ChessBase"]
[SourceDate "2009.05.05"]
[SourceVersion "2"]
[SourceVersionDate "2009.05.20"]
[SourceQuality "1"]

1. d4 d5 2. Nf3 Nf6 3. c4 c6 4. e3 e6 5. Nbd2 Nbd7 6. Bd3 Bd6 7. 0-0 0-0 8. e4 dxe4 9. Nxe4 Nxe4 10. Bxe4 Nf6 11. Bc2 h6 12. b3 c5 13. Bb2 cxd4 14. Qxd4 Be7 15. Qc3 Qc7 16. Ne5 b6 17. Ng4 Rd8 18. Qh3 Nxg4 1/2-1/2